00640nam a2200217Ia 450000500170000000800410001702000240005804000190008204100120010108200130011310000190012624500470014525000120019226000350020430000160023950400320025585000100028794200070029799900160030495201020032020231221091917.0131103s9999 xx 000 0 und d a631116605c15 s.net aLoreto College aEnglish a429bMIT aMitchell,Bruce 2aA Guide to Old English, cBruce Mitchell a2nd ed. aOxford bBasil Blackwellc1968 axvi,168 p.  aIncludes index and appendix aLCLIB cBK c7098d57577 00102ddc4070aMAINbMAINd2013-11-04l0o429 MIT 16340pB6968r2013-11-04w2013-11-04yBKf